Ivory, Apes and Peacocks (Record no. 260272)
[ view plain ]
| 000 -LEADER | |
|---|---|
| fixed length control field | 01461cam a22002653a 4500 |
| 001 - CONTROL NUMBER | |
| control field | 31017 |
| 003 - CONTROL NUMBER IDENTIFIER | |
| control field | PGUSA |
| 005 - DATE AND TIME OF LATEST TRANSACTION | |
| control field | 20140828083654.0 |
| 008 - FIXED-LENGTH DATA ELEMENTS--GENERAL INFORMATION | |
| fixed length control field | 100119s2010||||xxu|||||s|||||000 d eng d |
| 040 ## - CATALOGING SOURCE | |
| Original cataloging agency | PGUSA |
| Language of cataloging | eng |
| 042 ## - AUTHENTICATION CODE | |
| Authentication code | dc |
| 050 #4 - LIBRARY OF CONGRESS CALL NUMBER | |
| Classification number | PS |
| 100 1# - MAIN ENTRY--PERSONAL NAME | |
| Personal name | Huneker, James, |
| Dates associated with a name | 1857-1921 |
| 245 10 - TITLE STATEMENT | |
| Title | Ivory, Apes and Peacocks |
| Medium | [electronic resource] / |
| Statement of responsibility, etc | James Huneker |
| 260 ## - PUBLICATION, DISTRIBUTION, ETC. (IMPRINT) | |
| Name of publisher, distributor, etc | Project Gutenberg, |
| Date of publication, distribution, etc | 2010 |
| 505 0# - FORMATTED CONTENTS NOTE | |
| Formatted contents note | The genius of Joseph Conrad -- A visit to Walt Whitman -- The buffoon of the new eternities: Jules LaForgue -- Dostoïevsky and Tolstoy, and the younger choir of Russian writers -- Arnold Schoenberg -- Music of to-day and to-morrow -- Frank Wedekind -- The magic Vermeer -- Richard Strauss at Stuttgart -- Max Liebermann and some phases of modern German art -- A musical primitive: Modeste Moussorgsky -- New plays by Hauptmann, Sudermann, and Schnitzler -- Kubin, Munch, and Gauguin: masters of hallucination -- The cult of the nuance: Lafcadio Hearn -- The melancholy of masterpieces -- The Italian futurist painters -- In the workshop of Zola -- A study of de Maupassant -- Puvis de Chavannes -- Three disagreeable girls. |
| 506 ## - RESTRICTIONS ON ACCESS NOTE | |
| Terms governing access | Public domain in the USA. |
| 516 ## - TYPE OF COMPUTER FILE OR DATA NOTE | |
| Type of computer file or data note | Electronic text |
| 653 ## - INDEX TERM--UNCONTROLLED | |
| Uncontrolled term | Literature, Modern -- History and criticism |
| 653 ## - INDEX TERM--UNCONTROLLED | |
| Uncontrolled term | Music -- History and criticism |
| 653 ## - INDEX TERM--UNCONTROLLED | |
| Uncontrolled term | Art |
| 830 #0 - SERIES ADDED ENTRY--UNIFORM TITLE | |
| Uniform title | Project Gutenberg |
| Volume number/sequential designation | 31017 |
| 856 40 - ELECTRONIC LOCATION AND ACCESS | |
| Uniform Resource Identifier | <a href="http://www.gutenberg.org/ebooks/31017">http://www.gutenberg.org/ebooks/31017</a> |
| 942 ## - ADDED ENTRY ELEMENTS (KOHA) | |
| Koha item type | eBooks |
| Withdrawn status | Lost status | Damaged status | Home library | Current library | Date acquired | Total Checkouts | Date last seen | Price effective from | Koha item type |
|---|---|---|---|---|---|---|---|---|---|
| Project Gutenberg | Project Gutenberg | 08/28/2014 | 08/28/2014 | 08/28/2014 | eBooks |